000 01510nam a2200349 c 4500
999 _c121958
_d121958
003 BLK
005 20241206005451.0
008 180409b bul|||||r ||||||| ||bul||
010 _aKNG00127591000
040 _aBLK
041 _aBUL
_cBUL
080 _aБългарска литература
_b821.163.2
_x-1
_z821.163.2-1
100 _aБагряна, Елисавета
_d1893-1991
_qБелчева, Елисавета Любомирова
_9364149
139 _aБагряна, Елисавета
_bБ 13
245 1 0 _aСтихотворения
_cЕлисавета Багряна; с предг. от Петър Николов Динеков; * Елисавета Любомирова Белчева.
257 _aBGR
260 _bБълг. писател
_c1966
_aСофия
300 _a151 с.
_c25 см
380 _aDX
490 _aБиблиотека за ученика
_9201322
500 _aЕлисавета Багряна - псевд. на Елисавета Любомирова Белчева. - 20 100 тир.
700 1 _aДинеков, Петър Николов
_eс предг. от
_9363799
700 _aБелчева, Елисавета Любомирова
_9269418
852 _aЦб 37927
856 4 _qpdf
856 4 _qpdf
942 _cKNG
_n0
_s1
944 _aCR
_c16.02.2012
_lCRON CRON
_k
944 _aED
_c26.09.2017
_l16.02.2012 - от С1,Р / 16.02.2012
_kВася_Ганчева
999 _d121958
999 _d121958